MDQL
is popping MORE tags! Check the
thread
!
Quizzes
Events
Quiz Creation
Community
Videos
Private Events
Remove Ads
Sign In
Join for FREE
Feedback
Dark Mode
Quiz Categories
Sports
Geography
Music
Movies
Television
Just For Fun
Miscellaneous
History
Literature
Language
Science
Gaming
Entertainment
Religion
Holiday
For Kids
Quiz Lab
Recent
Popular Today
Quiz Kudos Today
Editor Picks
Curator Picks
Quizzes by...
Day
Popularity
Type
Ratings
Length
Year
Community
Subscriptions
Recent Discussions
Orange Saloon
Badges
Playlists
Quests
Create
Leaderboards
Showdown
Live 5
Trivia Bingo
Activity
Puzzle Library
Sporcle Events
Private Events
Virtual Trivia
Globe League
Become a Host
Pub Owners
SporcleCon
Opinionation
Our Games
Videos
Blog
Mobile Apps
Partnerships
Remove Ads and Go Orange
Feedback
Sports
Athletes
MLB
NBA
NHL
NFL
Soccer
Sports Teams
WWE
NCAA
Football
Premier League
Basketball
Baseball
Hockey
Golf
Tennis
Cricket
Rugby
Auto Racing
Olympics
World Cup
Sports
Athletes
MLB
NBA
NHL
NFL
Soccer
Sports Teams
WWE
NCAA
Football
Premier League
Basketball
Baseball
Hockey
Golf
Tennis
Cricket
Rugby
Auto Racing
Olympics
World Cup
Random Quiz
Search Sporcle
×
Quiz Lab
Quiz Lab
Sports
NFL
Type in answers that appear in a list
Type in answers that appear in a list
Classic
Best Score? Go Orange.
NFL Teams 1,000 Yard Rushers Since 2000 Stats
Can you name the NFL Teams 1,000 Yard Rushers Since 2000?
By
patrickkhurley
12m
288 Questions
264 Plays
264 Plays
264 Plays
Comments
Comments
Give Quiz Kudos
Give Quiz Kudos
-
- Ratings
hide this ad
Replay
Link that replays current quiz
Next Quiz
Link to next quiz in quiz playlist
You Got
0%
They Got
Avg Score
86%
Avg Friend Score
Upgrade to see
Score Distribution
Jump to the score distribution portion of the page
Score
0/288
Timer
12:00
0
Plays Today
Team
Player
% Correct
Cowboys
Ezekiel Elliott
98.5%
Cowboys
Ezekiel Elliott
98.5%
Cowboys
DeMarco Murray
96.6%
Cowboys
DeMarco Murray
96.6%
Eagles
LeSean McCoy
96.6%
Eagles
LeSean McCoy
96.6%
Eagles
LeSean McCoy
96.6%
Eagles
LeSean McCoy
96.6%
Bills
LeSean McCoy
96.6%
Bills
LeSean McCoy
96.6%
Titans
DeMarco Murray
96.6%
Raiders
Latavius Murray
96.2%
Cowboys
Julius Jones
95.8%
Cowboys
Emmitt Smith
95.8%
Cowboys
Emmitt Smith
95.8%
Bears
Thomas Jones
95.8%
Bears
Thomas Jones
95.8%
Vikings
Adrian Peterson
95.8%
Vikings
Adrian Peterson
95.8%
Vikings
Adrian Peterson
95.8%
Vikings
Adrian Peterson
95.8%
Vikings
Adrian Peterson
95.8%
Vikings
Adrian Peterson
95.8%
Vikings
Adrian Peterson
95.8%
Lions
Kevin Jones
95.8%
Jets
Thomas Jones
95.8%
Jets
Thomas Jones
95.8%
Jets
Thomas Jones
95.8%
Vikings
Robert Smith
95.1%
Packers
Ahman Green
95.1%
Packers
Ahman Green
95.1%
Packers
Ahman Green
95.1%
Packers
Ahman Green
95.1%
Packers
Ahman Green
95.1%
Packers
Ahman Green
95.1%
Patriots
Antowain Smith
95.1%
Giants
Tiki Barber
94.7%
Giants
Tiki Barber
94.7%
Giants
Tiki Barber
94.7%
Giants
Tiki Barber
94.7%
Giants
Tiki Barber
94.7%
Giants
Tiki Barber
94.7%
Dolphins
Lamar Smith
94.7%
Bears
Matt Forte
94.3%
Bears
Matt Forte
94.3%
Bears
Matt Forte
94.3%
Bears
Matt Forte
94.3%
Bears
Matt Forte
94.3%
Panthers
DeAngelo Williams
93.9%
Panthers
DeAngelo Williams
93.9%
Cardinals
David Johnson
93.9%
Steelers
Le'Veon Bell
93.9%
Steelers
Le'Veon Bell
93.9%
Steelers
Le'Veon Bell
93.9%
Saints
Ricky Williams
93.6%
Saints
Ricky Williams
93.6%
Rams
Todd Gurley
93.6%
Rams
Todd Gurley
93.6%
Rams
Todd Gurley
93.6%
49ers
Frank Gore
93.6%
49ers
Frank Gore
93.6%
49ers
Frank Gore
93.6%
49ers
Frank Gore
93.6%
49ers
Frank Gore
93.6%
49ers
Frank Gore
93.6%
49ers
Frank Gore
93.6%
49ers
Frank Gore
93.6%
Dolphins
Ricky Williams
93.6%
Dolphins
Ricky Williams
93.6%
Dolphins
Ricky Williams
93.6%
Bengals
Rudi Johnson
93.6%
Bengals
Rudi Johnson
93.6%
Bengals
Rudi Johnson
93.6%
Texans
Domanick Williams
93.6%
Texans
Domanick Williams
93.6%
Colts
Frank Gore
93.6%
Titans
Chris Johnson
93.6%
Titans
Chris Johnson
93.6%
Titans
Chris Johnson
93.6%
Titans
Chris Johnson
93.6%
Titans
Chris Johnson
93.6%
Titans
Chris Johnson
93.6%
Chiefs
Larry Johnson
93.6%
Chiefs
Larry Johnson
93.6%
Broncos
Tatum Bell
93.6%
Saints
Mark Ingram
93.2%
Saints
Mark Ingram
93.2%
Bucs
Cadillac Williams
93.2%
Seahawks
Marshawn Lynch
93.2%
Seahawks
Marshawn Lynch
93.2%
Seahawks
Marshawn Lynch
93.2%
Seahawks
Marshawn Lynch
93.2%
Seahawks
Shaun Alexander
93.2%
Seahawks
Shaun Alexander
93.2%
Seahawks
Shaun Alexander
93.2%
Seahawks
Shaun Alexander
93.2%
Team
Player
% Correct
Seahawks
Shaun Alexander
93.2%
Bills
Marshawn Lynch
93.2%
Bills
Marshawn Lynch
93.2%
Redskins
Adrian Peterson
93%
Giants
Saquon Barkley
92.8%
Bucs
Doug Martin
92.8%
Bucs
Doug Martin
92.8%
Jets
Curtis Martin
92.8%
Jets
Curtis Martin
92.8%
Jets
Curtis Martin
92.8%
Jets
Curtis Martin
92.8%
Jets
Curtis Martin
92.8%
Rams
Steven Jackson
92.4%
Rams
Steven Jackson
92.4%
Rams
Steven Jackson
92.4%
Rams
Steven Jackson
92.4%
Rams
Steven Jackson
92.4%
Rams
Steven Jackson
92.4%
Rams
Steven Jackson
92.4%
Rams
Steven Jackson
92.4%
Bills
Fred Jackson
92%
Chargers
LaDainian Tomlinson
92%
Chargers
LaDainian Tomlinson
92%
Chargers
LaDainian Tomlinson
92%
Chargers
LaDainian Tomlinson
92%
Chargers
LaDainian Tomlinson
92%
Chargers
LaDainian Tomlinson
92%
Chargers
LaDainian Tomlinson
92%
Chargers
LaDainian Tomlinson
92%
Falcons
Devonta Freeman
91.3%
Falcons
Devonta Freeman
91.3%
Ravens
Jamal Lewis
91.3%
Ravens
Jamal Lewis
91.3%
Ravens
Jamal Lewis
91.3%
Ravens
Jamal Lewis
91.3%
Ravens
Jamal Lewis
91.3%
Browns
Jamal Lewis
91.3%
Browns
Jamal Lewis
91.3%
Texans
Arian Foster
91.3%
Texans
Arian Foster
91.3%
Texans
Arian Foster
91.3%
Texans
Arian Foster
91.3%
Lions
James Stewart
90.9%
Lions
James Stewart
90.9%
Panthers
Jonathan Stewart
90.9%
Ravens
Ray Rice
90.9%
Ravens
Ray Rice
90.9%
Ravens
Ray Rice
90.9%
Ravens
Ray Rice
90.9%
Cowboys
Darren McFadden
90.5%
Eagles
Brian Westbrook
90.5%
Eagles
Brian Westbrook
90.5%
Redskins
Clinton Portis
90.5%
Redskins
Clinton Portis
90.5%
Redskins
Clinton Portis
90.5%
Redskins
Clinton Portis
90.5%
Broncos
Clinton Portis
90.5%
Broncos
Clinton Portis
90.5%
Raiders
Darren McFadden
90.5%
Rams
Marshall Faulk
90.2%
Rams
Marshall Faulk
90.2%
Cardinals
Edgerrin James
89.4%
Cardinals
Edgerrin James
89.4%
Colts
Edgerrin James
89.4%
Colts
Edgerrin James
89.4%
Colts
Edgerrin James
89.4%
Colts
Edgerrin James
89.4%
Jaguars
Maurice Jones-Drew
89.4%
Jaguars
Maurice Jones-Drew
89.4%
Jaguars
Maurice Jones-Drew
89.4%
Chiefs
Jamaal Charles
89.4%
Chiefs
Jamaal Charles
89.4%
Chiefs
Jamaal Charles
89.4%
Chiefs
Jamaal Charles
89.4%
Chiefs
Jamaal Charles
89.4%
Steelers
Jerome Bettis
89%
Steelers
Jerome Bettis
89%
Redskins
Alfred Morris
88.3%
Redskins
Alfred Morris
88.3%
Redskins
Alfred Morris
88.3%
Panthers
Christian McCaffrey
88.3%
Bengals
Jeremy Hill
88.3%
Vikings
Chester Taylor
87.9%
Falcons
Jamal Anderson
87.9%
Jaguars
Fred Taylor
87.9%
Jaguars
Fred Taylor
87.9%
Jaguars
Fred Taylor
87.9%
Jaguars
Fred Taylor
87.9%
Jaguars
Fred Taylor
87.9%
Jaguars
Fred Taylor
87.9%
Chiefs
Kareem Hunt
87.9%
Broncos
CJ Anderson
87.9%
Broncos
Mike Anderson
87.9%
Broncos
Mike Anderson
87.9%
Bears
Jordan Howard
87.5%
Bears
Jordan Howard
87.5%
Team
Player
% Correct
Chargers
Melvin Gordon
87.5%
Chiefs
Priest Holmes
87.1%
Chiefs
Priest Holmes
87.1%
Chiefs
Priest Holmes
87.1%
Packers
Eddie Lacy
86.7%
Packers
Eddie Lacy
86.7%
Giants
Brandon Jacobs
86.4%
Giants
Brandon Jacobs
86.4%
Jaguars
Leonard Fournette
86.4%
Giants
Ahmad Bradshaw
85.6%
Giants
Ahmad Bradshaw
85.6%
Falcons
Michael Turner
85.2%
Falcons
Michael Turner
85.2%
Falcons
Michael Turner
85.2%
Saints
Deuce McAllister
84.8%
Saints
Deuce McAllister
84.8%
Saints
Deuce McAllister
84.8%
Saints
Deuce McAllister
84.8%
Dolphins
Lamar Miller
84.8%
Seahawks
Chris Carson
84.8%
Texans
Lamar Miller
84.8%
Titans
Derrick Henry
84.3%
Patriots
Corey Dillon
83.3%
Bengals
Corey Dillon
83.3%
Bengals
Corey Dillon
83.3%
Bengals
Corey Dillon
83.3%
Bucs
LeGarrette Blount
83%
Patriots
LeGarrette Blount
83%
Lions
Reggie Bush
82.6%
Dolphins
Reggie Bush
82.6%
Redskins
Stephen Davis
81.4%
Redskins
Stephen Davis
81.4%
Panthers
Stephen Davis
81.4%
Falcons
Warrick Dunn
81.4%
Falcons
Warrick Dunn
81.4%
Falcons
Warrick Dunn
81.4%
Bucs
Warrick Dunn
81.4%
Colts
Joseph Addai
81.1%
Colts
Joseph Addai
81.1%
Steelers
Willie Parker
79.9%
Steelers
Willie Parker
79.9%
Steelers
Willie Parker
79.9%
Steelers
Rashard Mendenhall
79.5%
Steelers
Rashard Mendenhall
79.5%
Falcons
Mike Vick
79.2%
Jets
Shonn Greene
78%
Jets
Shonn Greene
78%
Titans
Eddie George
77.7%
Titans
Eddie George
77.7%
Titans
Eddie George
77.7%
Browns
Peyton Hillis
76.5%
Broncos
Phillip Lindsay
75.8%
Bills
Willis McGahee
75%
Bills
Willis McGahee
75%
Ravens
Willis McGahee
75%
Broncos
Willis McGahee
75%
Packers
Ryan Grant
74.6%
Packers
Ryan Grant
74.6%
Bills
Travis Henry
74.6%
Bills
Travis Henry
74.6%
Titans
Travis Henry
74.6%
Dolphins
Jay Ajayi
73.1%
Bengals
Cedric Benson
73.1%
Bengals
Cedric Benson
73.1%
Bengals
Cedric Benson
73.1%
Patriots
BenJarvus Green-Ellis
72.7%
Bengals
BenJarvus Green-Ellis
72.7%
Titans
LenDale White
72.7%
Dolphins
Ronnie Brown
71.6%
Titans
Chris Brown
71.2%
Bears
Anthony Thomas
70.5%
Bears
Anthony Thomas
70.5%
Ravens
Justin Forsett
70.1%
Chargers
Ryan Mathews
70.1%
Chargers
Ryan Mathews
70.1%
49ers
Garrison Hearst
67.4%
Broncos
Knowshon Moreno
67.4%
Bills
CJ Spiller
65.5%
Jets
Chris Ivory
64.8%
Cardinals
Beanie Wells
63.6%
Eagles
Duce Staley
61.7%
Patriots
Stevan Ridley
61.4%
Texans
Steve Slaton
61%
Giants
Derrick Ward
54.9%
Seahawks
Ricky Watters
54.9%
Browns
Reuben Droughns
52.7%
Broncos
Reuben Droughns
52.7%
Colts
Dominic Rhodes
51.5%
Vikings
Michael Bennett
47.7%
49ers
Charlie Garner
47.7%
Raiders
Justin Fargas
46.2%
Redskins
Ladell Betts
45.8%
Bears
James Allen
43.6%
49ers
Kevan Barlow
43.6%
Raiders
LaMont Jordan
42.4%
Raiders
Tyrone Wheatley
37.9%
Quiz Playlist
Details
Report
Send in Message
Add To Playlist
Classic:
Type in answers that appear in a list
Last Updated: Jan 18, 2019
Quiz Scoreboard
CHALLENGE
Sign Up to Join the Scoreboard
Show All
Scores
Hide
Comments
May contain spoilers
Recently Published
1-10 Letter E Words III
by El_Dandy
Language
2m
Street Fighter Characters
by Artimus82
Gaming
60s
College Basketball Coaching Resumes
by pancakes188
Sports
9m
More to Explore
Quiz From the Vault
Featured Blog Post
Where Did the Easter Bunny Come From?
hide this ad
You Might Also Like...
Tags
NFL Quiz
NFL Coach
NFL Playoffs
Today's Top Quizzes in Sports
Browse Sports
hide this ad
Today's Top Quizzes in NFL
Browse NFL
Top Contributed Quizzes in Sports
1
2022 World Cup Stars
2
Les meilleurs buteurs des matchs entre le PSG et l’OM
3
FIFA Club World Cup Champions
4
Les entraîneurs de l'OM et du PSG au 21e siècle
5
Criteria MLB: Left Handed Sluggers
6
2023 MLB Unique Player Accomplishments
7
AFC Teams Reveal (Wrong Answers Minefield)
8
Players with Multiple 50 Home Run Seasons
9
5-to-1: FBS Animal Nicknames
10
5-to-1: UK Sports Teams
Explore More
Trending Topics
Anime
Disney
NBA
Harry Potter
Kpop
Crossword
Marvel
Soccer
The Office
Country
Puzzle
Song
NFL
Pokémon
WWE
hide this ad
More By:
patrickkhurley
Quiz
Plays
Rating
Category
Featured
Created
NBA Projected Starting Lineups 2018-19
39,753
4.27
Sports
Jul 4, 2018
Men's Elite 8 Teams of the 2010s
32,185
4.76
Sports
Apr 1, 2018
NFL Offenses 2019 (Skill Positions)
10,440
2.00
Sports
Aug 15, 2019
NFL Top 5 passing yards by team
7,459
4.50
Sports
Mar 24, 2018
MLB Teams Last 10 Different 100 RBI Seasons
6,833
4.58
Sports
Dec 16, 2018
Go to Creator's Profile
Score Distribution
Quiz Creator Spotlight
patrickkhurley
Follow
Send a Message
Quizzes Created
-
Created Quiz Play Count
-
More By This Creator
Popular Quizzes Today
1
Find the US States - No Outlines Minefield
2
Find the Countries of Europe - No Outlines Minefield
3
The Countries of the World
4
Find the US States
5
Risky Map Clicking: Biggest States A-Z
6
US States
7
Popular People in 1961
8
Movies - When Are They Set?
More Sports Quizzes
La Liga Players of the Month
Quiz Lab
Trending Quizzes
Risky Map Clicking: Least Populous States A-Z
Billboard Blitz: Aretha Franklin
1-10 Letter G Words
Countries of the World: 200 Million BC
1-10 Letter F Words
Recently Updated
Leaping Animals
pecheneg
Reality TV Shows (A-Z)
bhenderson79
Rickey Henderson's Hall of Fame Teammates
pecheneg
Champions League XIs: Arsenal
pecheneg
Quick Pick: Celebrities in WWE's Hall of Fame
aduchscher
A-Z Keypad Blitz II
pecheneg
Multiple Oscar Actors
pecheneg
Mystery Phrase Blitz: Oscar 'Best Actors'
pecheneg
F. Scott Fitzgerald Novels
LTH
Pick 3 Villains
ddd62291
Trending Topics
Disney
Anime
Marvel
Kpop
Crossword
Harry Potter
NBA
Soccer
Song
The Office
NFL
Country
WWE
Pokémon
Puzzle
Your Account Isn't Verified!
In order to create a playlist on Sporcle, you need to verify the email address you used during registration. Go to your
Sporcle Settings
to finish the process.
Report this User
Report this user for behavior that violates our
Community Guidelines
.
Details:
Send Report
Go to the Sporcle.com Mobile Site →
Comments